000 00854nas a2200229 4500
001 BR8804331
003 BR-BrBNA
005 20231205091230.0
007 ta
008 230509b bl.|||p| |||| 00| 00por d
040 _aBR-BrBNA
_bpor
_cBiblioteca Nacional de Agricultura
041 _a(Pt)
072 _aN20
100 1 _aBicudo, S.J.
100 1 _aBenez, S.H.
245 1 _aSubsolador: efeito da distancia entre hastes, profundidade de trabalho e largura da sapata, na area mobilizada e rompimento relativo do solo
246 1 _a[Subsoiling equipment: distance between tines, working depth and chisil width in mobilized area and relative breaking]
650 _aSUBSOLADOR
773 0 _tEnergia na Agricultura (Brazil)
_xISSN 0102-9169
_g(1988), v. 3(1) p. 37-42
_wBR8804331
909 _a202311
_bLúcia
_c55
_dLúcia Elande
942 _2AGRIS
_n0
_cANA
999 _c123738
_d123738